| 000 | 00605nam a22002297a 4500 | ||
|---|---|---|---|
| 003 | OSt | ||
| 005 | 20160413191457.0 | ||
| 008 | 160408b xxu||||| |||| 00| 0 eng d | ||
| 020 | _a 9780697159892 | ||
| 020 | _a0697159892 | ||
| 040 | _cDDC | ||
| 082 | _a578.77 SUM 1996 | ||
| 100 |
_aSumich, James L. _97610 |
||
| 245 | _aAn introduction to the Biology of Marine Life | ||
| 250 | _a6th ed. | ||
| 260 | _aBoston; McGraw-Hill, 1996 | ||
| 300 | _axiv,461p; col.ill: 26cm | ||
| 504 | _aReferences, & index included | ||
| 650 |
_aBiology _95602 |
||
| 650 |
_aMarine life _97611 |
||
| 942 |
_2z _cO_SHELF |
||
| 999 |
_c3416 _d3416 |
||